000 00296nam a22001337a 4500
008 180924b xxu||||| |||| 00| 0 eng d
020 _a9780631206507
041 _aeng
080 _a316
100 _a50
101 _aSOC
245 _aContemporary social theory
_cElliott,A
942 _2udc
_cBK
999 _c48376
_d48376